01539nam a2200361 a 4500001001000000003000500010005001700015008004100032010001100073011001100084040000900095090001000104100005200114245014500166260004100311500006000352502008600412590004100498590004100539590004000580590004000620590004000660650003600700650003300736650002000769856007000789901000700859942001000866942000600876999001900882952013600901952014001037000111638CHAP20220329144223.0150623s2015 mx a fsm |||||||spa d a108099 a109071 cCHAP aTesis1 aRamírez Velázquez, Gabriela Cecilia912956610aDiseño del proceso de licor de café en la empresa Nogueras, S. P. R. de R. L.h[En línea]cpor Gabriela Cecilia Ramírez Velázquez. aChapingo, Méx. :bEl autor,c2015. aPara ver el contenido del material haga clic en la liga aTesis (Ing. Agroindustrial ) -- UACH. Departamento de Ingeniería Agroindustrial aE11695DGDb10c20150624lUCH01h0905 aE11695DGDb10c20150624lUCH01h0905 aE5995AHEb05c20150623lUCH01h1119 aE5995AHEb05c20150623lUCH01h1122 aE5995AHEb05c20150623lUCH01h133614aBebidasxElaboración.912570014aCaféxSubproductos.91720314aLicores.966717 aFinding aiduhttp://10.13.5.2/tesis/sist111638.pdfzTeclea aquí aBK cTESIS n0 c108099d108099 00104054718TESISaBCbBCd2015-06-23fTESISl0oTesisp33724002503702r2019-12-31 00:00:00w2019-12-31yTESISzRecien adquirido 00102local4053708TESISaBCbBCcPA_TESISd2015-06-23fTESISl0oTesisp33724002503743r2019-12-31 00:00:00tc.2w2019-12-31yTESIS